Eintracht Frankfurt - Torschützen 2015/16 - Statistiken

Allgemein
  • Dieses Quiz wurde 42 mal gespielt
  • Das Durchschnittsergebnis liegt bei 4 aus 11
Antwortstatistiken
Tore Spieler % Korrekt
12 Alexander Meier
91%
3 Haris Seferović
71%
3 Stefan Aigner
59%
1 Makoto Hasebe
50%
3 Marco Russ
41%
4 Luc Castaignos
26%
2 Marc Stendera
26%
1 Änis Ben-Hatira
24%
1 Szabolcs Huszti
18%
1 Slobodan Medojević
12%
1 Stefan Reinartz
12%
Keine übereinstimmenden Quizze gefunden
Verteilung der Resultate
Anzahl Personen mit jedem Resultat
Perzentil nach korrekt beantworteten Fragen
Ihre Resultats-Entwicklung
Sie haben dieses Quiz noch nicht gespielt